00513 a2200157 4500008004100000010001400041020002300055035001300078037001500091082001100106100001500117245005900132260004800191270009100239300002500330090226t xxu||||| |||| 00| 0 eng d aENG-87951 a8183187366c550.00 aEN-71484 bDBAD / PUB a370.15 aKhan, M.A. aFundamentals of educational psychology /cby M.A. Khan aNew DelhibHimalaya Publishing Housec2007 aPooja Apartments, 4-B, Murari Lal Street, Ansari Road, Darya GanjbNew Delhie110 002 a302 p.c22 cm ( Hb.)